|
|
|
|
| LEADER |
00000nam a2200000 a 4500 |
| 001 |
vtls001359350 |
| 003 |
SK-MaSNL |
| 005 |
20260301115021.0 |
| 008 |
240314s1999 xo pe r yy 0 slo |
| 015 |
|
|
|a SNBA1999/06-02274
|
| 020 |
|
|
|a 8085588676
|
| 035 |
|
|
|a SNK000312885
|
| 035 |
|
|
|a urn:nbn:sk:snk-amkj5r
|
| 035 |
|
|
|a urn:nbn:sk:snk-am008hqx
|
| 035 |
|
|
|a 4BC12699-8B8A-4BC8-9ECA-1AD80659C9C0
|
| 040 |
|
|
|a SNK
|b slo
|c SNK
|e AACR2
|
| 041 |
0 |
|
|a slo
|
| 044 |
|
|
|a xo
|c SK
|
| 080 |
|
|
|a 339.9:339.7:347.7
|2 1981
|
| 080 |
|
|
|a 347.7:339.9
|2 1981
|
| 100 |
1 |
|
|a Jiménez, Guillermo
|4 aut
|9 459336
|
| 245 |
1 |
0 |
|a Základy exportu a importu
|b právne, finančné a prepravné aspekty medzinárodného obchodu
|c Guillermo Jiménez ; [preklad: Vladimír Gunda]
|
| 260 |
|
|
|a Bratislava
|b Slovenská obchodná a priemyselná komora
|c 1999
|
| 300 |
|
|
|a 276 s.
|b sch., tab.
|c 24 cm
|
| 500 |
|
|
|a Údaj o prekl. prevzatý z rubu tit. strany
|
| 504 |
|
|
|a Slovník vývozu a dovozu
|
| 650 |
0 |
7 |
|a obchod medzinárodný
|x právo
|x financie
|x zmluvy
|x monografie
|2 SNK
|9 459337
|
| 655 |
|
7 |
|a príručky
|2 SNK
|9 74364
|
| 700 |
1 |
|
|a Gunda, Vladimír
|4 trl
|9 44043
|
| 919 |
|
|
|a 80-85588-67-6
|
| 958 |
|
|
|a TL
|
| 958 |
|
|
|a OP
|
| 958 |
|
|
|a NS
|
| 968 |
|
|
|b ENG
|
| 999 |
|
|
|c 720649
|d 722579
|
| 952 |
|
|
|t P60, <04>, [BOOK], {604}
|a SNK
|b SNK
|y VYP
|7 0
|p 17A0187907
|o snkSC 98244 D1
|i snkKSP 3626/99
|0 0
|1 0
|4 0
|d 1999-04-07
|l 0
|r 2005-01-02 00:00:00
|w 2026-02-23
|
| 952 |
|
|
|t P60, <09>, [BOOK], {629}
|a SNK
|b SNK
|y NEVYP
|7 0
|o snkC 276
|i snk538/990412
|0 0
|1 0
|4 0
|d 1999-04-07
|l 0
|r 2005-01-02 00:00:00
|w 2026-02-23
|
| 952 |
|
|
|t P60, <03>, [BOOK], {603}
|a SNK
|b SNK
|y PREZ
|7 0
|p 17A0187906
|o snkSC 98244
|i snkKSP 3625/99
|0 0
|1 0
|4 0
|d 1999-04-07
|f 1
|l 0
|r 2025-09-18 00:00:00
|w 2026-02-23
|